• 首页
  • 本馆介绍
  • 公告通知
  • 最新文献
  • 馆藏检索
  • 电子资源
  • 读者导购
  • 参考咨询
  • 我的图书馆
  • 登录
  • 详细信息显示
  • 放入我的书架
  • 预约/预借图书
  • 作者相关作品
  • 分类相关作品
  • 丛书相关作品
  • 出版社相关作品

书目信息

  • 表格格式
  • 工作单格式
  • 卡片格式
题名:
节目主持人导论
    
 
作者: 陆锡初 著
分册:  
出版信息: 北京   中国传媒大学出版社  2013.01
页数: 315页
开本: 26cm
丛书名:
单 册:
中图分类: G222.2
科图分类:
主题词: 主持人--基本知识 , 主持人
电子资源:
ISBN: 978-7-5657-0605-9
000 00755nam0 2200241 450
001 010050018130
005 20130504153830.43
010    @a978-7-5657-0605-9@dCNY48.00
100    @a20121122d2013 em y0chiy50 ea
101 0  @achi
102    @aCN@b110000
105    @ay z 000yy
106    @ar
200 1  @a节目主持人导论@9jie mu zhu chi ren dao lun@f陆锡初著
210    @a北京@c中国传媒大学出版社@d2013.01
215    @a315页@d26cm
330    @a本书共分为十六章,主要内容包括:节目主持人概述;节目主持人的产生与发展;主持人节目概述;中国节目主持人的崛起与走势等。
606 0  @a主持人@x基本知识
606 0  @a主持人
690    @aG222.2@v5
701  0 @a陆锡初@9lu xi chu@4著
801  0 @aCN@bRENTIAN@c20121122
905    @b542781-85@dG222.2@e138@f5
    
    节目主持人导论/陆锡初著.-北京:中国传媒大学出版社,2013.01
    315页;26cm
    
    
    ISBN 978-7-5657-0605-9:CNY48.00
    本书共分为十六章,主要内容包括:节目主持人概述;节目主持人的产生与发展;主持人节目概述;中国节目主持人的崛起与走势等。
●
相关链接 在E读中查询图书 在五车中查询图书 在当当中查询图书 在豆瓣中查询图书


正题名:节目主持人导论     索取号:G222.2/138         预约/预借

序号 登录号 条形码 馆藏地/架位号 状态 备注
1 542781   205427812   第一样本阅览室/ [索取号:G222.2/138] 在馆    
2 542782   205427821   第四借阅区/ [索取号:G222.2/138] 在馆    
3 542783   205427830   第四借阅区/ [索取号:G222.2/138] 在馆    
4 542784   205427849   第四借阅区/ [索取号:G222.2/138] 在馆    
5 542785   205427858   密集书库-文学院/ [索取号:G222.2/138] 在馆    
唐山师范学院图书馆 欢迎您!
大连网信软件有限公司© 版权所有